[Event "Schachbundesliga 2013/2014"]
[Site "?"]
[Date "2014.04.05"]
[Round "14.4"]
[White "Schneider, Ilja"]
[Black "Burg, Twan"]
[Result "1/2-1/2"]
[WhiteElo "2514"]
[BlackElo "2499"]
[PlyCount "114"]
[EventDate "2014.??.??"]
[WhiteClock "0:32:06"]
[BlackClock "0:22:37"]

1. d4 d5 2. c4 c6 3. Nf3 Nf6 4. Nc3 e6 5. e3 Nbd7 6. Qc2 Bd6 7. Bd3 O-O 8. O-O
dxc4 9. Bxc4 a6 10. Rd1 b5 11. Be2 Qc7 12. Ne4 Nxe4 13. Qxe4 e5 14. Qd3 exd4
15. Qxd4 Be7 16. Qf4 Qxf4 17. exf4 Bf6 18. a4 Re8 19. Be3 bxa4 20. Rxa4 Nb6 21.
Ra5 Nd5 22. Ne5 Bxe5 23. fxe5 Rxe5 24. Rda1 Re8 25. Bxa6 Nxe3 26. fxe3 Rxe3 27.
b4 Re8 28. b5 cxb5 29. Bxb5 Rxa5 30. Rxa5 Rf8 31. Ra8 g5 32. h3 Kg7 33. Kh2 h5
34. Be2 h4 35. Bc4 f5 36. Be2 g4 37. hxg4 fxg4 38. Ba6 g3+ 39. Kg1 Bxa6 40.
Rxa6 Rd8 41. Ra1 Kf6 42. Rb1 Rd2 43. Ra1 Ke5 44. Rb1 Ke4 45. Ra1 Ke3 46. Rb1
Ke2 47. Ra1 Rd1+ 48. Rxd1 Kxd1 49. Kf1 Kd2 50. Kg1 Ke3 51. Kh1 h3 52. Kg1 hxg2
53. Kxg2 Kf4 54. Kg1 Kg5 55. Kg2 Kg4 56. Kg1 Kf3 57. Kh1 Kf2 1/2-1/2

[Event "Schachbundesliga 2013/2014"]
[Site "?"]
[Date "2014.04.05"]
[Round "14.5"]
[White "Janssen, Ruud"]
[Black "Maksimenko, Andrei"]
[Result "1-0"]
[WhiteElo "2471"]
[BlackElo "2543"]
[PlyCount "173"]
[EventDate "2014.??.??"]
[WhiteClock "0:14:54"]
[BlackClock "0:19:17"]

1. c4 c5 2. Nf3 Nc6 3. Nc3 g6 4. e3 Nf6 5. d4 cxd4 6. exd4 d5 7. Bg5 Ne4 8.
cxd5 Nxc3 9. bxc3 Qxd5 10. Qb3 Qe4+ 11. Be3 Bh6 12. Bc4 e6 13. O-O Bxe3 14.
Rae1 O-O 15. Rxe3 Qf4 16. Qb5 Rb8 17. Nd2 Bd7 18. Ne4 Rfd8 19. g3 Qf5 20. Qb2
Na5 21. Bd3 Bc6 22. f3 b5 23. Qe2 Kg7 24. Nf2 Qd5 25. Ng4 Qd6 26. Re5 h5 27.
Nf2 Bd5 28. Ne4 Qc6 29. Qd2 Nc4 30. Bxc4 Qxc4 31. Qf4 f5 32. Ng5 Qxc3 33. Re3
Qc6 34. Qe5+ Kh6 35. Nf7+ Kh7 36. Ng5+ Kh6 37. Nf7+ Kh7 38. Nxd8 Rxd8 39. g4
Rg8 40. Qf4 g5 41. Qe5 f4 42. Ree1 hxg4 43. Rc1 Bc4 44. fxg4 Rg7 45. Rf2 Qd5
46. Qxd5 exd5 47. Re1 a5 48. Re5 a4 49. Kg2 b4 50. h4 gxh4 51. Kh3 b3 52. axb3
axb3 53. Kxh4 Rb7 54. Rb2 Ra7 55. Rf5 Kg6 56. Rxf4 Ra2 57. Rff2 Ra1 58. Rf8
Rh1+ 59. Kg3 Rd1 60. Rbf2 Rxd4 61. R2f6+ Kg7 62. R8f7+ Kg8 63. Rb7 Re4 64. Rd6
Re8 65. g5 Kf8 66. Rf6+ Kg8 67. Rg6+ Kf8 68. Rf6+ Kg8 69. Rd6 Kf8 70. Kf4 Re7
71. Rf6+ Ke8 72. Rb8+ Kd7 73. Rb7+ Ke8 74. Rxe7+ Kxe7 75. Ke5 Bd3 76. Rb6 Kf7
77. Rxb3 Be4 78. Rb6 Kg7 79. Rd6 Kf7 80. Kf4 Kg7 81. Kg4 Bc2 82. Rxd5 Be4 83.
Rd4 Bb1 84. Rd7+ Kg6 85. Rd6+ Kg7 86. Kh5 Bf5 87. g6 1-0

[Event "Schachbundesliga 2013/2014"]
[Site "?"]
[Date "2014.04.05"]
[Round "14.6"]
[White "Dann, Matthias"]
[Black "Zumsande, Martin"]
[Result "1/2-1/2"]
[WhiteElo "2450"]
[BlackElo "2431"]
[PlyCount "56"]
[EventDate "2014.??.??"]
[WhiteClock "0:16:44"]
[BlackClock "0:05:16"]

1. e4 e6 2. d4 d5 3. Nc3 Nf6 4. Bg5 dxe4 5. Nxe4 Be7 6. Bxf6 gxf6 7. Nf3 f5 8.
Ned2 c5 9. dxc5 Qa5 10. c3 Qxc5 11. Bd3 Nc6 12. Qe2 Bd7 13. Nc4 Bf6 14. O-O b5
15. b4 Qe7 16. Nce5 Nxe5 17. Nxe5 O-O 18. Rad1 Rfd8 19. f4 Rac8 20. Bxb5 Bxb5
21. Qxb5 Qc7 22. Rxd8+ Qxd8 23. Rf3 Rxc3 24. Rxc3 Qd1+ 25. Kf2 Qd2+ 26. Kf1
Qd1+ 27. Kf2 Qd2+ 28. Kf1 Qd1+ 1/2-1/2

[Event "Schachbundesliga 2013/2014"]
[Site "?"]
[Date "2014.04.05"]
[Round "14.7"]
[White "Fiebig, Thomas"]
[Black "Abel, Dennes"]
[Result "1/2-1/2"]
[WhiteElo "2405"]
[BlackElo "2427"]
[PlyCount "88"]
[EventDate "2014.??.??"]
[WhiteClock "0:30:00"]
[BlackClock "0:37:30"]

1. e4 c6 2. d4 d5 3. exd5 cxd5 4. c4 Nf6 5. Nc3 Nc6 6. Bg5 Be6 7. a3 Qd7 8. Be2
Rd8 9. c5 Ne4 10. Be3 g6 11. Rc1 Bg7 12. b4 a6 13. Nf3 O-O 14. O-O Bg4 15. h3
Bxf3 16. Bxf3 f5 17. Ne2 e6 18. Bxe4 dxe4 19. Qb3 Ne7 20. Nf4 Nd5 21. Nxd5 exd5
22. f4 exf3 23. Rxf3 Rde8 24. Bf2 Re2 25. a4 Rfe8 26. b5 axb5 27. axb5 Qe6 28.
Kh1 Qe4 29. c6 bxc6 30. bxc6 Bxd4 31. Bxd4 Qxd4 32. c7 Qe5 33. Rff1 Qe4 34. Rg1
Re3 35. Rc3 Rxc3 36. Qxc3 Rc8 37. Qf6 Qe8 38. Qd6 Kg7 39. Rc1 Qf7 40. Rc6 f4
41. Kh2 f3 42. gxf3 Qxf3 43. Qd7+ Qf7 44. Qxc8 Qf2+ 1/2-1/2

[Event "Schachbundesliga 2013/2014"]
[Site "?"]
[Date "2014.04.05"]
[Round "14.8"]
[White "Thiede, Lars"]
[Black "Richter, Christian"]
[Result "1-0"]
[WhiteElo "2450"]
[BlackElo "2368"]
[PlyCount "93"]
[EventDate "2014.??.??"]
[WhiteClock "0:40:34"]
[BlackClock "0:27:32"]

1. Nf3 Nf6 2. c4 g6 3. Nc3 Bg7 4. e4 c5 5. d4 cxd4 6. Nxd4 Nc6 7. Be3 d6 8. Be2
O-O 9. O-O Nxd4 10. Bxd4 Bd7 11. Rc1 Bc6 12. f3 a5 13. Qd2 a4 14. Rfd1 Nd7 15.
Be3 Qa5 16. Rc2 Rfc8 17. Qc1 Qd8 18. Nd5 h5 19. Bg5 Bxd5 20. Rxd5 Qf8 21. Be3
Kh7 22. Rb5 Nc5 23. Qd1 Rc7 24. Bf1 Ra6 25. g3 Qc8 26. h3 Kg8 27. g4 hxg4 28.
hxg4 e5 29. Rh2 Ne6 30. Rd5 Ra8 31. Rxd6 Bf8 32. Rdd2 Bb4 33. Rd5 Bc5 34. Qe1
Ng5 35. Kg2 f6 36. Bxg5 fxg5 37. Qd2 Be7 38. Rxe5 Ra6 39. c5 Rac6 40. Bc4+ Kg7
41. Rxe7+ Rxe7 42. Qxg5 Qc7 43. Qh4 Re8 44. g5 Kf8 45. Qh8+ Ke7 46. Rh7+ Kd8
47. Qd4+ 1-0

[Event "Schachbundesliga 2013/2014"]
[Site "?"]
[Date "2014.04.05"]
[Round "14.1"]
[White "Volokitin, Andrei"]
[Black "Rabiega, Robert"]
[Result "1/2-1/2"]
[WhiteElo "2683"]
[BlackElo "2507"]
[PlyCount "115"]
[EventDate "2014.??.??"]
[WhiteClock "0:34:30"]
[BlackClock "0:37:45"]

1. e4 e5 2. Nf3 Nc6 3. Bb5 Nf6 4. O-O d6 5. d4 exd4 6. Nxd4 Bd7 7. Bxc6 bxc6 8.
Qf3 c5 9. Nf5 Bxf5 10. exf5 Be7 11. Nc3 Rb8 12. Bg5 O-O 13. Rae1 h6 14. Bc1 d5
15. Nxd5 Nxd5 16. Rd1 c6 17. c4 Bf6 18. cxd5 cxd5 19. Rxd5 Qa5 20. a3 Qa6 21.
Rxc5 Bxb2 22. Rc6 Rb6 23. Rxb6 Qxb6 24. Bxb2 Qxb2 25. g3 Rc8 26. Kg2 Qc3 27.
Qb7 Rc5 28. Qd7 Qe5 29. Rd1 a5 30. Rd4 Qxf5 31. Qxf5 Rxf5 32. a4 g5 33. h4 Kg7
34. h5 Rc5 35. Kf3 Rc3+ 36. Ke4 Ra3 37. g4 Ra2 38. f3 Ra3 39. Rc4 Rb3 40. Rd4
Ra3 41. f4 Rg3 42. Kf5 Rf3 43. Ke5 Rxf4 44. Rxf4 gxf4 45. Ke4 Kf6 46. Kxf4 Kg7
47. Ke5 Kg8 48. Kd6 Kg7 49. Kd7 Kf6 50. Ke8 Kg7 51. Ke7 Kg8 52. Kf6 Kf8 53. g5
hxg5 54. h6 Kg8 55. Kxg5 Kh7 56. Kf6 Kxh6 57. Kxf7 Kh7 58. Ke6 1/2-1/2

[Event "Schachbundesliga 2013/2014"]
[Site "?"]
[Date "2014.04.05"]
[Round "14.2"]
[White "Stern, Rene"]
[Black "Kryvoruchko, Yuriy"]
[Result "1/2-1/2"]
[WhiteElo "2513"]
[BlackElo "2696"]
[PlyCount "118"]
[EventDate "2014.??.??"]
[WhiteClock "0:26:51"]
[BlackClock "0:04:31"]

1. d4 Nf6 2. c4 e6 3. Nc3 Bb4 4. Bd2 b6 5. f3 O-O 6. e4 c5 7. d5 exd5 8. cxd5
d6 9. a3 Ba5 10. Nge2 a6 11. Ng3 b5 12. Be2 Nbd7 13. O-O c4 14. b4 cxb3 15.
Qxb3 Nc5 16. Qa2 Bd7 17. Kh1 Rc8 18. Rab1 Re8 19. Rfc1 h6 20. Bf4 Qe7 21. Nd1
Na4 22. Qa1 Bb6 23. Ne3 Bxe3 24. Bxe3 Nxd5 25. Bd4 Nf6 26. Bxf6 Qxf6 27. Qxf6
gxf6 28. Nh5 Re6 29. Rxc8+ Bxc8 30. Rc1 Nc5 31. Nf4 Re8 32. Nh5 Re6 33. Nf4 Re8
34. Nh5 Kf8 35. Nxf6 Re6 36. Nd5 Re5 37. Kg1 Be6 38. Nf4 Ke7 39. Kf2 Kd7 40. h4
Bb3 41. g4 Re8 42. Nh5 Rb8 43. Ng3 a5 44. e5 Be6 45. exd6 Kxd6 46. Rd1+ Ke7 47.
Rc1 Nd7 48. Bd3 Ne5 49. Nf5+ Kf8 50. Be4 Nc4 51. Nd4 Nxa3 52. Nxe6+ fxe6 53.
Rc7 b4 54. g5 hxg5 55. h5 Nb5 56. Rd7 Nc3 57. Bg6 b3 58. h6 Kg8 59. Rg7+ Kh8
1/2-1/2

[Event "Schachbundesliga 2013/2014"]
[Site "?"]
[Date "2014.04.05"]
[Round "14.4"]
[White "Muse, Mladen"]
[Black "Firman, Nazar"]
[Result "0-1"]
[WhiteElo "2424"]
[BlackElo "2526"]
[PlyCount "64"]
[EventDate "2014.??.??"]
[WhiteClock "0:04:42"]
[BlackClock "0:00:35"]

1. d4 f5 2. g3 Nf6 3. Bg2 d6 4. Nf3 g6 5. c3 Bg7 6. Qb3 a5 7. a4 e6 8. Ng5 d5
9. h4 O-O 10. Nd2 c5 11. Ndf3 Nc6 12. O-O h6 13. Nh3 Ne4 14. Rd1 Kh7 15. Be3 b6
16. c4 Ba6 17. cxd5 c4 18. Qc2 exd5 19. Qc1 Re8 20. Nf4 Ra7 21. b3 Rc7 22. bxc4
Bxc4 23. Qb2 Nxg3 24. Qxb6 Nxe2+ 25. Nxe2 Bxe2 26. Rdc1 Bc4 27. Bf1 f4 28. Bd2
Qd7 29. Bh3 Qxh3 30. Qxc7 Qg4+ 31. Kh2 Qxf3 32. Qxf4 Nxd4 0-1

[Event "Schachbundesliga 2013/2014"]
[Site "?"]
[Date "2014.04.05"]
[Round "14.5"]
[White "Siebrecht, Sebastian"]
[Black "Von Herman, Ulf"]
[Result "0-1"]
[WhiteElo "2496"]
[BlackElo "2391"]
[PlyCount "74"]
[EventDate "2014.??.??"]
[WhiteClock "0:15:39"]
[BlackClock "0:02:18"]

1. c4 c5 2. Nf3 Nc6 3. Nc3 Nd4 4. Ng1 Nc6 5. g3 g6 6. Bg2 Bg7 7. Nf3 d6 8. O-O
Bf5 9. d3 Qd7 10. Nd5 Rc8 11. Nf4 e5 12. Nd5 Bh3 13. Bxh3 Qxh3 14. Ng5 Qd7 15.
f4 f6 16. Ne4 f5 17. Nec3 Nge7 18. fxe5 dxe5 19. Bg5 Nxd5 20. Nxd5 O-O 21. Qd2
f4 22. gxf4 Qg4+ 23. Kh1 h6 24. Rg1 Qh5 25. Rg2 hxg5 26. Rxg5 Qh4 27. Rag1 Rf7
28. Rxg6 exf4 29. R1g4 Qh3 30. Nxf4 Qf1+ 31. Rg1 Qxf4 32. Rxg7+ Kh8 33. Qc3 Nd4
34. R7g3 Qf6 35. e3 Qc6+ 36. R3g2 Rg8 37. exd4 Qxg2+ 0-1

[Event "Schachbundesliga 2013/2014"]
[Site "?"]
[Date "2014.04.05"]
[Round "14.6"]
[White "Muse, Drazen"]
[Black "Zaragatski, Ilja"]
[Result "1/2-1/2"]
[WhiteElo "2408"]
[BlackElo "2510"]
[PlyCount "48"]
[EventDate "2014.??.??"]
[WhiteClock "0:21:53"]
[BlackClock "0:58:52"]

1. Nf3 c5 2. e4 e6 3. Nc3 a6 4. g3 Nc6 5. Bg2 g6 6. d4 cxd4 7. Nxd4 Bg7 8. Be3
Nge7 9. O-O O-O 10. Nxc6 Nxc6 11. Na4 b5 12. Nb6 Rb8 13. Nxc8 Rxc8 14. c3 d6
15. Qe2 Na5 16. Rfd1 Qc7 17. Bd4 Rfd8 18. Bxg7 Kxg7 19. Rd4 Nc4 20. a4 Na5 21.
Rb4 Nc6 22. Rb3 Na5 23. Rb4 Nc6 24. Rb3 Na5 1/2-1/2

[Event "Schachbundesliga 2013/2014"]
[Site "?"]
[Date "2014.04.05"]
[Round "14.7"]
[White "Ris, Robert"]
[Black "Fruebing, Stefan"]
[Result "1/2-1/2"]
[WhiteElo "2416"]
[BlackElo "2372"]
[PlyCount "94"]
[EventDate "2014.??.??"]
[WhiteClock "0:29:40"]
[BlackClock "0:24:35"]

1. d4 Nf6 2. c4 g6 3. g3 Bg7 4. Bg2 O-O 5. Nc3 d6 6. Nf3 Nc6 7. O-O a6 8. e4
Bg4 9. Be3 Nd7 10. Qd2 Bxf3 11. Bxf3 e5 12. d5 Nd4 13. Bg2 c5 14. dxc6 bxc6 15.
f4 Rb8 16. b3 Qa5 17. Kh1 Rfe8 18. Rac1 Nc5 19. f5 Qd8 20. Ne2 Qe7 21. Rce1 Nd7
22. h3 Rbd8 23. Rf2 Rf8 24. Ref1 Nxe2 25. Qxe2 f6 26. h4 g5 27. Bf3 Bh6 28. Qd2
Nc5 29. b4 Nb7 30. Bd1 Qg7 31. Ba4 d5 32. cxd5 Nd6 33. Qd3 cxd5 34. Bb3 Kh8 35.
Bxd5 gxh4 36. Bxh6 Qxh6 37. Rh2 h3 38. g4 Qh4 39. Qf3 Rc8 40. Rg1 Nf7 41. Qxh3
Qxh3 42. Rxh3 Ng5 43. Ra3 Rc2 44. Rg2 Rc1+ 45. Rg1 Rc2 46. Rg2 Rc1+ 47. Rg1 Rc2
1/2-1/2

[Event "Schachbundesliga 2013/2014"]
[Site "?"]
[Date "2014.04.05"]
[Round "14.8"]
[White "Giemsa, Stephan"]
[Black "Thesing, Matthias"]
[Result "1/2-1/2"]
[WhiteElo "2321"]
[BlackElo "2355"]
[PlyCount "45"]
[EventDate "2014.??.??"]
[WhiteClock "0:19:40"]
[BlackClock "0:20:55"]

1. d4 d5 2. c4 dxc4 3. e3 e5 4. Bxc4 exd4 5. exd4 Bd6 6. Nf3 Nf6 7. O-O O-O 8.
h3 Nc6 9. Nc3 h6 10. Qc2 Nb4 11. Qb1 Be6 12. Bxe6 fxe6 13. Re1 Qd7 14. Bd2 Rae8
15. Re2 Nc6 16. Qg6 Qf7 17. Qxf7+ Rxf7 18. Rae1 Rfe7 19. Kf1 Bb4 20. Ne4 Nxe4
21. Rxe4 Bxd2 22. Nxd2 Rd8 23. Nf3 1/2-1/2

[Event "Schachbundesliga 2013/2014"]
[Site "?"]
[Date "2014.04.06"]
[Round "15.1"]
[White "Graf, Felix"]
[Black "Aronian, Levon"]
[Result "0-1"]
[WhiteElo "2493"]
[BlackElo "2795"]
[PlyCount "80"]
[EventDate "2014.??.??"]
[WhiteClock "0:32:52"]
[BlackClock "0:00:37"]

1. d4 Nf6 2. Nf3 g6 3. c4 Bg7 4. Nc3 d6 5. Bg5 h6 6. Bh4 g5 7. Bg3 Nh5 8. e3 c5
9. d5 Nd7 10. Be2 O-O 11. Qc2 Ndf6 12. Nd2 Bd7 13. O-O a6 14. Nce4 Nxg3 15.
Nxg3 e6 16. Rad1 exd5 17. cxd5 b5 18. Nf3 Re8 19. Bd3 Bg4 20. Bf5 Bxf3 21. gxf3
Ra7 22. Kg2 Re5 23. e4 h5 24. Qc1 h4 25. Qxg5 hxg3 26. hxg3 Qe7 27. Qf4 c4 28.
Rh1 Rc7 29. g4 Kf8 30. g5 Ng8 31. Rh7 b4 32. Rdh1 c3 33. bxc3 bxc3 34. Rb1 Qd8
35. Rc1 Ne7 36. Rch1 Ng6 37. Qg4 Rc4 38. R1h5 Rxf5 39. Qxf5 Qc8 40. Rh1 c2 0-1

[Event "Schachbundesliga 2013/2014"]
[Site "?"]
[Date "2014.04.06"]
[Round "15.2"]
[White "Adams, Michael"]
[Black "Schenk, Andreas"]
[Result "1/2-1/2"]
[WhiteElo "2753"]
[BlackElo "2489"]
[PlyCount "105"]
[EventDate "2014.??.??"]
[WhiteClock "0:20:59"]
[BlackClock "0:46:00"]

1. e4 e6 2. d4 d5 3. Nd2 c5 4. exd5 Qxd5 5. dxc5 Nf6 6. Ngf3 Qxc5 7. Bd3 Nbd7
8. Qe2 Qc7 9. Nb3 Be7 10. Bg5 b6 11. O-O-O O-O 12. Kb1 Bb7 13. Rhe1 Rfe8 14.
Nfd4 a6 15. g3 b5 16. h4 Bf8 17. c3 Bd5 18. g4 Nc5 19. Nxc5 Bxc5 20. Bxf6 gxf6
21. Bc2 Rad8 22. g5 Bxd4 23. Rxd4 f5 24. Bxf5 Bc4 25. Bd3 Rxd4 26. cxd4 Bxd3+
27. Qxd3 Qf4 28. Qe4 Qxf2 29. d5 Qd2 30. a3 e5 31. Ka2 a5 32. Re3 b4 33. Qd3
Qxd3 34. Rxd3 bxa3 35. Rxa3 f5 36. gxf6 e4 37. d6 Kf7 38. Rxa5 Kxf6 39. d7 Rd8
40. Rd5 Ke6 41. Rd1 Rxd7 42. Rxd7 Kxd7 43. Kb3 Kd6 44. Kc3 Kd5 45. h5 Kc5 46.
h6 Kd5 47. Kd2 Kd4 48. Ke2 e3 49. b3 Kc3 50. Kxe3 Kxb3 51. Kd4 Kb4 52. Kd5 Kb5
53. Ke6 1/2-1/2

[Event "Schachbundesliga 2013/2014"]
[Site "?"]
[Date "2014.04.06"]
[Round "15.3"]
[White "Belezky, Alexander"]
[Black "Bacrot, Etienne"]
[Result "1/2-1/2"]
[WhiteElo "2455"]
[BlackElo "2730"]
[PlyCount "135"]
[EventDate "2014.??.??"]
[WhiteClock "0:25:44"]
[BlackClock "0:54:33"]

1. Nf3 d5 2. g3 c5 3. Bg2 Nf6 4. d3 Nc6 5. O-O Bg4 6. h3 Bh5 7. Nbd2 e6 8. c3
Be7 9. a3 O-O 10. g4 Bg6 11. Nh4 d4 12. Nxg6 hxg6 13. cxd4 cxd4 14. Qa4 Nd5 15.
Nf3 Qb6 16. Bd2 Bd6 17. Rfc1 Rfd8 18. Rc2 Nf4 19. Kf1 Nxg2 20. Kxg2 Be7 21. e4
dxe3 22. Bxe3 Qc7 23. Nd4 Qa5 24. Qxa5 Nxa5 25. b4 Bf6 26. bxa5 Bxd4 27. Bxd4
Rxd4 28. Rc7 Rxd3 29. Rxb7 a6 30. Rc1 Rd5 31. Rcc7 Rf8 32. Ra7 Rxa5 33. Rc6
Rxa3 34. Rcxa6 Rxa6 35. Rxa6 g5 36. Ra5 f6 37. Ra7 Re8 38. Kg3 Kf8 39. h4 gxh4+
40. Kxh4 Re7 41. Ra8+ Kf7 42. g5 Kg6 43. gxf6 gxf6 44. Kg3 Rd7 45. Ra3 Kf5 46.
Rf3+ Kg5 47. Ra3 e5 48. f4+ exf4+ 49. Kf3 Re7 50. Ra5+ Re5 51. Ra8 Re3+ 52. Kf2
Rb3 53. Rg8+ Kf5 54. Ra8 Re3 55. Rc8 Rd3 56. Ra8 f3 57. Ra5+ Kg4 58. Ra4+ Kg5
59. Ra5+ f5 60. Ra4 Rb3 61. Rc4 Kf6 62. Ra4 Rd3 63. Ra6+ Ke5 64. Ra5+ Ke4 65.
Ra4+ Rd4 66. Rxd4+ Kxd4 67. Kxf3 f4 68. Kxf4 1/2-1/2

[Event "Schachbundesliga 2013/2014"]
[Site "?"]
[Date "2014.04.06"]
[Round "15.4"]
[White "Naiditsch, Arkadij"]
[Black "Jorczik, Julian"]
[Result "1-0"]
[WhiteElo "2724"]
[BlackElo "2405"]
[PlyCount "61"]
[EventDate "2014.??.??"]
[WhiteClock "0:01:29"]
[BlackClock "0:14:08"]

1. e4 e6 2. d4 d5 3. Nd2 Be7 4. Ngf3 Nf6 5. e5 Nfd7 6. Bd3 c5 7. c3 b6 8. Nf1
Ba6 9. Ng3 Bxd3 10. Qxd3 Nc6 11. Bd2 Rc8 12. h4 cxd4 13. cxd4 Nb4 14. Bxb4
Bxb4+ 15. Kd1 Be7 16. Rc1 h6 17. Nh5 O-O 18. Nf4 Rxc1+ 19. Kxc1 Qc7+ 20. Kb1
Rc8 21. g4 Qc4 22. Qd2 Bb4 23. Qd1 Bf8 24. g5 Nc5 25. b3 Qb4 26. Qc2 Ra8 27. g6
Ne4 28. Qc6 Nc3+ 29. Kc2 Nxa2 30. gxf7+ Kh8 31. Ng5 1-0

[Event "Schachbundesliga 2013/2014"]
[Site "?"]
[Date "2014.04.06"]
[Round "15.5"]
[White "Meister, Peter"]
[Black "Nisipeanu, Liviu-Dieter"]
[Result "0-1"]
[WhiteElo "2399"]
[BlackElo "2674"]
[PlyCount "66"]
[EventDate "2014.??.??"]
[WhiteClock "0:03:22"]
[BlackClock "0:01:02"]

1. d4 Nf6 2. Nf3 d5 3. e3 c5 4. dxc5 e6 5. a3 Bxc5 6. c4 O-O 7. Qc2 Bd6 8. Nc3
Nc6 9. cxd5 exd5 10. Nb5 Bg4 11. Nxd6 Qxd6 12. Be2 Rac8 13. Qd1 Rfe8 14. O-O d4
15. h3 Bf5 16. exd4 Bc2 17. Qd2 Be4 18. Qf4 Qe6 19. Bd2 Qb3 20. Bc3 Nd5 21. Qd2
Nce7 22. Rac1 Ng6 23. Bb4 Ndf4 24. Bd1 Qd5 25. Rc5 Rxc5 26. dxc5 Qf5 27. Ne1
Bxg2 28. Nxg2 Nxh3+ 29. Kh1 Nhf4 30. f3 Qh3+ 31. Kg1 Qg3 32. Rf2 Nh3+ 33. Kf1
Qh2 0-1

[Event "Schachbundesliga 2013/2014"]
[Site "?"]
[Date "2014.04.06"]
[Round "15.6"]
[White "Gustafsson, Jan"]
[Black "Zajogin, Alexander"]
[Result "1-0"]
[WhiteElo "2628"]
[BlackElo "2392"]
[PlyCount "119"]
[EventDate "2014.??.??"]
[WhiteClock "0:03:30"]
[BlackClock "0:26:19"]

1. d4 Nf6 2. c4 e6 3. Nc3 Bb4 4. Qc2 O-O 5. Nf3 b6 6. e4 Bb7 7. Bd3 h6 8. O-O
d6 9. Bd2 Nc6 10. a3 Bxc3 11. Bxc3 Nd7 12. b4 e5 13. d5 Ne7 14. g3 f5 15. exf5
b5 16. cxb5 Nxd5 17. Nh4 Nf4 18. Be4 d5 19. Bf3 e4 20. Bg2 Nxg2 21. Kxg2 Nb6
22. Bd4 Nc4 23. a4 Qd7 24. Qe2 Rae8 25. f6 gxf6 26. Qh5 Qh7 27. Bxf6 Re6 28.
Bd4 Nd6 29. Rac1 Nc4 30. Kg1 Qf7 31. Qxf7+ Kxf7 32. Rfd1 a6 33. bxa6 Rxa6 34.
a5 Bc6 35. Bc5 Rb8 36. Nf5 Ne5 37. Rc3 Nd3 38. Rdxd3 exd3 39. Rxd3 Re8 40. Be3
Kg6 41. Nd4 Rb8 42. Nxc6 Rxc6 43. Bc5 Rd8 44. Ra3 Ra8 45. Kf1 Kf5 46. Ke2 Rca6
47. Kd3 c6 48. Kd4 Re8 49. Rf3+ Kg6 50. Rf8 Re4+ 51. Kd3 h5 52. Rb8 Kf7 53. Rb6
Rxb6 54. axb6 Re8 55. Bd6 Ke6 56. Bf4 Re7 57. Kd4 Rf7 58. h4 Rb7 59. Bc7 Kd7
60. f3 1-0

[Event "Schachbundesliga 2013/2014"]
[Site "?"]
[Date "2014.04.06"]
[Round "15.7"]
[White "Fedorovsky, Michael"]
[Black "Schlosser, Philipp"]
[Result "1/2-1/2"]
[WhiteElo "2385"]
[BlackElo "2602"]
[PlyCount "118"]
[EventDate "2014.??.??"]
[WhiteClock "0:48:27"]
[BlackClock "0:48:53"]

1. d4 Nf6 2. c4 e6 3. Nf3 b6 4. g3 Ba6 5. Qc2 Bb7 6. Bg2 c5 7. d5 exd5 8. cxd5
Nxd5 9. O-O Be7 10. Qe4 Bc6 11. Ne5 Nf6 12. Qc4 O-O 13. Nxc6 Nxc6 14. Nc3 a6
15. a4 b5 16. axb5 axb5 17. Rxa8 bxc4 18. Rxd8 Rxd8 19. Nd5 Kf8 20. Nxe7 Nxe7
21. e4 Nc6 22. Be3 d6 23. Rd1 Ng4 24. Bc1 Nge5 25. Bf1 Nb4 26. Bd2 Na2 27. Ba5
Rd7 28. f4 Nc6 29. Be1 Nd4 30. Bf2 c3 31. bxc3 Nxc3 32. Rd3 Nxe4 33. Bxd4 cxd4
34. Rxd4 Nf6 35. Bg2 Ke7 36. h3 h6 37. Kf2 d5 38. g4 g5 39. Kg3 Rc7 40. Rd3
Ne4+ 41. Bxe4 dxe4 42. Rd4 Rc3+ 43. Kg2 Re3 44. fxg5 hxg5 45. Kf2 Rf3+ 46. Ke2
f5 47. gxf5 Kf6 48. Rxe4 Rxh3 49. Kf2 Kxf5 50. Ra4 Rb3 51. Kg2 Kg6 52. Ra6+ Kh5
53. Ra4 g4 54. Ra8 Rb2+ 55. Kg3 Rb3+ 56. Kg2 Rb2+ 57. Kg3 Rb3+ 58. Kg2 Rb2+ 59.
Kg3 Rb3+ 1/2-1/2

[Event "Schachbundesliga 2013/2014"]
[Site "?"]
[Date "2014.04.06"]
[Round "15.8"]
[White "Bochis, Julia"]
[Black "Zwanzger, Johannes"]
[Result "1/2-1/2"]
[WhiteElo "2183"]
[BlackElo "2329"]
[PlyCount "157"]
[EventDate "2014.??.??"]
[WhiteClock "0:02:20"]
[BlackClock "0:01:38"]

1. e4 c5 2. Nf3 e6 3. d4 cxd4 4. Nxd4 Nc6 5. Nb5 d6 6. c4 Nf6 7. N1c3 a6 8. Na3
Be7 9. Be2 O-O 10. O-O Qc7 11. Be3 Bd7 12. Rc1 Ne5 13. f3 Rac8 14. Qb3 Qb8 15.
Rfd1 Bd8 16. Kh1 Bc7 17. Bg1 Ng6 18. Nc2 Rfd8 19. Nd4 Be8 20. Bf1 h5 21. a3 h4
22. Qa2 Nf4 23. b4 b6 24. Nde2 Ng6 25. a4 Qb7 26. Rb1 Qc6 27. Nd4 Qd7 28. c5
bxc5 29. bxc5 dxc5 30. Ndb5 Qe7 31. Nxc7 Qxc7 32. Bxa6 Ra8 33. Bb5 Qe5 34. Qc4
h3 35. g3 Qh5 36. Qf1 Bxb5 37. Rxb5 Rdc8 38. Be3 Ne5 39. g4 Nfxg4 40. fxg4 Qxg4
41. Bf4 Nf3 42. Bg3 Nd4 43. Rb7 Qh5 44. Rd2 Rd8 45. Rf2 f6 46. Rf4 Qh6 47. Rh4
Qe3 48. Qxh3 Qf3+ 49. Qg2 Qxg2+ 50. Kxg2 Nc2 51. e5 f5 52. Bf2 Rd2 53. Kf1 Rad8
54. Rc4 R8d3 55. Rxc5 Rf3 56. Nd1 Ne3+ 57. Nxe3 Rfxf2+ 58. Kg1 Rfe2 59. Nf1 Ra2
60. Rb8+ Kh7 61. Rb4 Kh6 62. a5 Kg5 63. h4+ Kh6 64. Rf4 g5 65. hxg5+ Kxg5 66.
Rf3 f4 67. Rh3 Rg2+ 68. Kh1 Rgf2 69. Rc1 Rxa5 70. Rh2 Rxh2+ 71. Nxh2 Kf5 72.
Nf3 Ke4 73. Rc3 Ra1+ 74. Kg2 Ra2+ 75. Kf1 Ra1+ 76. Ke2 Ra2+ 77. Ke1 Ra1+ 78.
Kd2 Ra2+ 79. Ke1 1/2-1/2

[Event "Schachbundesliga 2013/2014"]
[Site "?"]
[Date "2014.04.06"]
[Round "15.2"]
[White "Rapport, Richard"]
[Black "Bogner, Sebastian"]
[Result "1/2-1/2"]
[WhiteElo "2676"]
[BlackElo "2552"]
[PlyCount "155"]
[EventDate "2014.??.??"]
[WhiteClock "0:09:56"]
[BlackClock "0:54:47"]

1. e4 c5 2. Nf3 d6 3. Bb5+ Nd7 4. d4 cxd4 5. Qxd4 a6 6. Bxd7+ Bxd7 7. c4 e5 8.
Qd3 h6 9. O-O b5 10. Nc3 bxc4 11. Qxc4 Nf6 12. Rd1 Be7 13. Ne1 O-O 14. Nc2 Bg4
15. f3 Be6 16. Qe2 Qb6+ 17. Qf2 Qb8 18. Kh1 Bd8 19. g4 Bb6 20. Be3 Bxe3 21.
Nxe3 Qb6 22. Rd2 Rfd8 23. Rad1 Rab8 24. Qg1 Rd7 25. g5 hxg5 26. Qxg5 Nh7 27.
Qg1 Qd8 28. Qg3 Qg5 29. Rg1 Qxg3 30. hxg3 Nf6 31. Kg2 Kf8 32. Rh1 Rdb7 33. b3
Ke7 34. Rhd1 Rc8 35. Na4 Rc6 36. Nb2 Rd7 37. Nbc4 g6 38. Kf2 Bxc4 39. Nxc4 Ke6
40. Re2 Rc5 41. Red2 Rc6 42. Ne3 Rc5 43. b4 Rc3 44. g4 Rd8 45. Rd3 Rc6 46. a4
Rb8 47. Rb3 Nd7 48. Rdb1 Rcc8 49. b5 axb5 50. Rxb5 Rxb5 51. Rxb5 Rc1 52. Nd5
Nc5 53. g5 Ra1 54. Rb8 Nd3+ 55. Ke3 Nf4 56. Re8+ Kd7 57. Re7+ Kd8 58. Rxf7 Ra3+
59. Kf2 Ra2+ 60. Ke1 Ra1+ 61. Kf2 Ra2+ 62. Ke1 Ra1+ 63. Kd2 Ra2+ 64. Kc3 Nxd5+
65. exd5 Rxa4 66. Rf6 Ke7 67. Re6+ Kd7 68. Rxg6 Ra3+ 69. Kc4 Rxf3 70. Rg7+ Ke8
71. g6 Rf6 72. Kb5 Kf8 73. Ra7 Rxg6 74. Kc6 Kg8 75. Rb7 Kf8 76. Ra7 Kg8 77. Re7
Kf8 78. Ra7 1/2-1/2

[Event "Schachbundesliga 2013/2014"]
[Site "?"]
[Date "2014.04.06"]
[Round "15.3"]
[White "Balogh, Csaba"]
[Black "Buhmann, Rainer"]
[Result "1-0"]
[WhiteElo "2632"]
[BlackElo "2582"]
[PlyCount "89"]
[EventDate "2014.??.??"]
[WhiteClock "0:30:53"]
[BlackClock "0:50:30"]

1. e4 e5 2. Nf3 Nc6 3. Bb5 Nf6 4. d3 Bc5 5. O-O Nd4 6. Nxd4 Bxd4 7. c3 Bb6 8.
Na3 c6 9. Ba4 O-O 10. Bg5 h6 11. Bh4 g5 12. Bg3 d6 13. Nc4 Bg4 14. Qd2 Nh5 15.
d4 Be6 16. Ne3 Nf4 17. Bb3 Qf6 18. d5 Bd7 19. dxc6 bxc6 20. Nc4 Bc7 21. Nxd6
Rad8 22. Nb7 Bh3 23. Nxd8 Rxd8 24. Bxf4 exf4 25. Qe2 f3 26. Qxf3 Qxf3 27. gxf3
Bxf1 28. Rxf1 Rd2 29. Rd1 Rxd1+ 30. Bxd1 Bf4 31. Ba4 c5 32. b4 cxb4 33. cxb4
Kf8 34. Bb3 Ke7 35. Kg2 f6 36. h4 Kd6 37. Kh3 Ke5 38. Kg4 Bd2 39. b5 Be1 40.
f4+ gxf4 41. f3 Kd4 42. Bf7 Kc5 43. Be8 Kb4 44. a4 Kc5 45. h5 1-0